000 00592nam a22001817a 4500
005 20251108172941.0
008 250721s2002 xx 000 0 ara d
082 1 4 _a425kaf/
100 1 _aقفعيتي، إبراهيم
245 1 0 _aمبادىء قواعد اللغة الإنجليزية الأساسية : أجزاء الكلام /
246 1 1 _aBASIC ENGLISH GRAMMAR: PARTS OF SPEECH
264 1 _aعمان :
_bدار الشروق،
_c2002.
300 _a232ص
650 1 7 _aقواعد اللغة
650 1 7 _aاللغة الإنجليزية
942 _2ddc
_cBK
999 _c92565
_d92565